Animaniacs Cast Quiz Stats

 Plays Quiz not verified by Sporcle

Score 0/23 Timer 03:00
0 Plays Today
Character % Correct
Dot Warner
98.2%
Yakko Warner
97.9%
Wakko Warner
97.5%
Slappy Squirrel
86.1%
Mindy
84.3%
Pinky
84.3%
Brain
84.3%
Buttons
82.9%
Rita
82.5%
Skippy Squirrel
77.1%
Runt
73.6%
Ralph T. Guard
70.7%
Character % Correct
Chicken Boo
69.6%
Mime
67.5%
Thaddeus Plotz
66.8%
Pesto
66.4%
Minerva Mink
64.3%
Bobby
62.9%
Squit
59.6%
Dr. Otto Scratchansniff
53.9%
Flavio
53.2%
Marita
43.6%
Newt
27.5%

You're not logged in!

Compare scores with friends on all Sporcle quizzes.
OR
Log In

Show Comments

Extras

Created Aug 30, 2010ReportNominate
Tags:Cast Quiz, Animaniacs

Top Quizzes Today


Score Distribution

Your Account Isn't Verified!

In order to create a playlist on Sporcle, you need to verify the email address you used during registration. Go to your Sporcle Settings to finish the process.

Report this User

Report this user for behavior that violates our Community Guidelines.

Details: